Дело о применении в России существующей конвенции между Австро-Венгрией и Италией о предотвращении истребления птиц, полезных дл...

Доступно только в Электронных читальных залах Найти на картеНа карте
RUSMARC
00003764nmc2a22000003x 450
001c2ee3f41-8843-4d6c-a27d-8903e6b8cd25
00520210514213854.0
100##$a20190611l18771879k l0rusy0189 ca
1010#$arus
102##$aRU
2001#$aДело о применении в России существующей конвенции между Австро-Венгрией и Италией о предотвращении истребления птиц, полезных для сельского хозяйства
$j27 апреля 1877 г. - 20 февраля 1879 г.
251##$cДело
300##$aДело
801#0$aRU
$bРГИА
$c20190611
$gRCR
801#1$aRU
$bГлавНИВЦ
$c20190611
$2rusmarc
801#2$aRU
$bПБ им. Б.Н. Ельцина
$c20210514
$gRCR
$2rusmarc
850##$aРГИА
852##$aРГИА
$eФедеральное казенное учреждение "Российский государственный исторический архив" (РГИА)
$j118
937##$hРГИА
$d12317240
$aASBIBLIO_SCAN
462#0$10019a71d1b5-997f-4838-b400-31c5004a7be7
$12001
$aДела Департамента полиции исполнительной МВД за 1877 год
$1251
$cОпись
$1852
$j38
$l1877 г.
461#0$10013e300ed0-cd39-49af-8489-5ba5b90fa401
$12001
$aДепартамент полиции исполнительной МВД
$1251
$cФонд
$1852
$j1286
215##$a35 л.
$d36,5х26 см
371##$aДокумент не является опубликованным и широко распространяемым
105##$ay###
1222#$ad
035##$ac2ee3f41-8843-4d6c-a27d-8903e6b8cd25
856##$uhttp://readingroom.main.prlib.ru/item.aspx?id_node=n164599631&mode=full
Формат отображения